000 01114nam a2200325 a 4500
001 BRL_342
005 20190320210709.0
008 300713s1991----enka######---#000-0#eng-#
020 _a0714125032
041 _aeng
044 _aenk
050 4 _aGT4995
_b.C37 1991
100 1 _aCarmichael, Elizabeth
_923067
245 1 0 _aThe Skeleton at the Feast
_bthe Day of the Dead in Mexico
_cElizabeth Carmichael, Chloë Sayer.
260 _aLondres
_bBritish Museum Press
_c1991
300 _a160 p.
_bil. (algunas a color)
_c28 cm.
_e1 díptico
500 _aIncluye glosario, lista de ilustraciones e índice alfabético
500 _aIncluye dedicatoria para Ruth Lechuga
500 _aAu332
504 _aBibliografía : p. 153-155
650 1 4 _aDía de muertos
_zMexico
_923606
650 1 4 _aDía de todos los santos
_zMéxico
_95138
650 1 4 _aAyunos y fiestas
_zMéxico
_923607
650 1 4 _aFestivales populares
_zMéxico
_923608
650 1 4 _aMuertos
_xFolclor
_923609
651 4 _aMéxico
_xVida social y costumbres
_9769
700 1 _aSayer, Chloë
_ecoaut.
_94413
902 _aGRL
942 _2lcc
_cB
999 _c9155
_d9155